[Event "Berlin Lichtenrade op 14th"]
[Site "Berlin"]
[Date "2018.10.29"]
[Round "3"]
[White "Schauties, Nico Antonio"]
[Black "Fartmann, Oliver"]
[Result "1/2-1/2"]
[WhiteElo "1863"]
[BlackElo "2014"]
[PlyCount "72"]
[EventDate "2018.10.27"]
[EventType "swiss"]
[EventRounds "9"]
[EventCountry "GER"]
[SourceTitle "CBM 187 Extra"]
[Source "ChessBase"]
[SourceDate "2018.11.04"]
[SourceVersion "1"]
[SourceVersionDate "2018.11.04"]
[SourceQuality "1"]

1. d4 Nf6 2. Nf3 g6 3. c4 Bg7 4. Nc3 0-0 5. e4 d6 6. Bd3 Bg4 7. h3 Bxf3 8. Qxf3 Nc6 9. Be3 e5 10. d5 Nd4 11. Qd1 c5 12. Ne2 Nh5 13. g4 Qa5+ 14. Kf1 Nxe2 15. Bxe2 Nf4 16. Qd2 Qb6 17. Bxf4 exf4 18. Rb1 Be5 19. g5 f5 20. gxf6 h5 21. Rg1 Kf7 22. Bf3 a5 23. Qd1 Rh8 24. a4 Ra6 25. Ke2 Qd8 26. Qf1 Rh6 27. Kd1 Qe8 28. b3 Bxf6 29. Qd3 Qe5 30. Rg2 Ra8 31. Kd2 Rg8 32. Rbg1 g5 33. Bd1 Qe7 34. Bf3 Bd4 35. Qe2 h4 36. Bg4 Kf6 1/2-1/2

[Event "Berlin Lichtenberger op 13th"]
[Site "Berlin"]
[Date "2014.08.23"]
[Round "8"]
[White "Bandsom, Olaf"]
[Black "Fartmann, Oliver"]
[Result "0-1"]
[WhiteElo "1812"]
[BlackElo "1927"]
[PlyCount "100"]
[EventDate "2014.08.16"]
[EventType "swiss"]
[EventRounds "9"]
[EventCountry "GER"]
[SourceTitle "CBM 161 Extra"]
[Source "ChessBase"]
[SourceDate "2014.08.29"]
[SourceVersion "1"]
[SourceVersionDate "2014.08.29"]
[SourceQuality "1"]

1. e4 c5 2. Nf3 e6 3. Nc3 a6 4. d4 cxd4 5. Nxd4 Qc7 6. Be3 Nf6 7. a3 b5 8. Bd3 Nc6 9. Nxc6 dxc6 10. 0-0 e5 11. h3 Bd6 12. Qc1 Nh5 13. Ne2 Nf4 14. Nxf4 exf4 15. Bd4 c5 16. e5 cxd4 17. exd6 Qxd6 18. Re1+ Be6 19. a4 0-0 20. axb5 axb5 21. Rxa8 Rxa8 22. Bxb5 f3 23. g4 h5 24. Qg5 hxg4 25. hxg4 Rc8 26. Bd3 Rc5 27. Bf5 g6 28. Rxe6 fxe6 29. Qxg6+ Kf8 30. Qf6+ Ke8 31. Bxe6 Re5 32. Bf7+ Kd7 33. Qxd6+ Kxd6 34. Bg6 Rg5 35. Bf5 Ke5 36. b3 Kf4 37. b4 Rg7 38. Kf1 Rb7 39. Ke1 Rxb4 40. Kd2 Rb1 41. Kd3 Rd1+ 42. Kc4 Rd2 43. Bd3 Ke5 44. g5 Rxf2 45. g6 Rg2 46. c3 dxc3 47. Kxc3 f2 48. Bf1 Rxg6 49. Kd2 Kf4 50. Ke2 Kg3 0-1

[Event "Berlin Lichtenberger op 13th"]
[Site "Berlin"]
[Date "2014.08.17"]
[Round "2"]
[White "Reichenbach, Werner"]
[Black "Fartmann, Oliver"]
[Result "1-0"]
[WhiteElo "2258"]
[BlackElo "1927"]
[PlyCount "89"]
[EventDate "2014.08.16"]
[EventType "swiss"]
[EventRounds "9"]
[EventCountry "GER"]
[SourceTitle "CBM 161 Extra"]
[Source "ChessBase"]
[SourceDate "2014.08.29"]
[SourceVersion "1"]
[SourceVersionDate "2014.08.29"]
[SourceQuality "1"]

1. e4 c5 2. Nf3 e6 3. d3 Nc6 4. g3 g6 5. Bg2 Bg7 6. 0-0 Nge7 7. c3 d5 8. Qe2 0-0 9. Na3 b6 10. Rd1 Ba6 11. e5 Qc7 12. Bf4 Rac8 13. Nc2 Rfd8 14. a3 h5 15. Bh3 d4 16. c4 Bb7 17. Rab1 Nf5 18. Bg2 a5 19. b3 Re8 20. Re1 Nb8 21. h3 Nd7 22. a4 Nh6 23. Na3 Ba6 24. Qd2 Kh7 25. Nb5 Bxb5 26. axb5 Rh8 27. Qe2 Rhe8 28. Ng5+ Kg8 29. Bc6 Rf8 30. Bxd7 Qxd7 31. Ne4 Qc7 32. g4 hxg4 33. hxg4 f5 34. Nd6 Rfd8 35. Bxh6 Bxh6 36. Kg2 Kg7 37. Rh1 Rh8 38. Rbg1 Bf4 39. gxf5 Rxh1 40. Rxh1 exf5 41. Kf3 Bg5 42. Qf1 Rh8 43. Qg2 Qe7 44. Rxh8 Kxh8 45. Qxg5 1-0

[Event "Berlin-ch qualification"]
[Site "Berlin-Lichtenrade"]
[Date "2012.04.09"]
[Round "3.6"]
[White "Fartmann, Oliver"]
[Black "Hohn, August"]
[Result "1-0"]
[WhiteElo "1903"]
[BlackElo "2046"]
[PlyCount "79"]
[EventDate "2012.04.08"]
[EventType "swiss"]
[EventRounds "9"]
[EventCountry "GER"]
[SourceTitle "EXT 2022"]
[Source "ChessBase"]
[SourceDate "2021.10.06"]
[SourceVersion "1"]
[SourceVersionDate "2021.10.06"]
[SourceQuality "1"]

1. c4 e5 2. g3 Nf6 3. Bg2 d5 4. cxd5 Nxd5 5. Nc3 Nb6 6. Nf3 Nc6 7. a3 Be7 8. b4 Be6 9. Rb1 a6 10. a4 f6 11. b5 axb5 12. axb5 Nb4 13. 0-0 0-0 14. d4 N4d5 15. Nxd5 Nxd5 16. Qc2 Nb4 17. Qe4 Bd5 18. Qg4 f5 19. Qh5 Bxf3 20. Qxf3 e4 21. Qb3+ Qd5 22. Ba3 Qxb3 23. Rxb3 Nd5 24. Bxe7 Nxe7 25. Rc1 Nd5 26. f3 Ra4 27. fxe4 fxe4 28. Bxe4 Rxd4 29. Bxd5+ Rxd5 30. Rxc7 Re8 31. e3 Rd2 32. Rbc3 Rb2 33. Rc8 Kf8 34. R3c4 g5 35. R4c5 Rxc8 36. Rxc8+ Ke7 37. Rc7+ Kf6 38. Rxb7 g4 39. b6 Kf5 40. Rb8 1-0

[Event "Berlin Lichtenberger op 10th"]
[Site "Berlin"]
[Date "2011.08.16"]
[Round "4"]
[White "Mertens, Fridolin"]
[Black "Fartmann, Oliver"]
[Result "1/2-1/2"]
[WhiteElo "1993"]
[BlackElo "1845"]
[PlyCount "57"]
[EventDate "2011.08.13"]
[EventType "swiss"]
[EventRounds "9"]
[EventCountry "GER"]
[SourceTitle "CBM 143 Extra"]
[Source "ChessBase"]
[SourceDate "2011.08.29"]
[SourceVersion "1"]
[SourceVersionDate "2011.08.29"]
[SourceQuality "1"]

1. e4 c6 2. d4 d5 3. exd5 cxd5 4. c4 Nf6 5. Nc3 Nc6 6. Nf3 Bg4 7. cxd5 Nxd5 8. Bc4 e6 9. Bxd5 exd5 10. 0-0 Be7 11. Qd3 0-0 12. Ne5 Be6 13. Nxc6 bxc6 14. Be3 Rb8 15. b3 Qd7 16. Na4 Bf5 17. Qd2 Bb4 18. Qd1 Rfe8 19. Bf4 Rbc8 20. a3 Bf8 21. b4 Re4 22. Qd2 Bd6 23. Bg3 Rce8 24. Nc3 R4e6 25. Rfe1 h5 26. Rxe6 Rxe6 27. Ne2 Be7 28. Nf4 Bg5 29. h4 1/2-1/2